| 000 | 00673nam a2200217 a 4500 | ||
|---|---|---|---|
| 005 | 20140310183353.0 | ||
| 008 | 120914s19uu xx 00 eng d | ||
| 020 | _a9780857021632 | ||
| 050 |
_aLC 4704 _b.Sp635 2012 |
||
| 100 | _aPeer, Lindsay | ||
| 245 |
_aSpecial educational needs : _ba guide for inclusive practice / _cedited by Lindsay Peer, Gavin Reid. |
||
| 260 |
_aLondon : _bSAGE, _c2012. |
||
| 300 |
_a308 p. : _c28 cm. |
||
| 500 | _aIncludes bibliographical references and index. | ||
| 521 | _aEDU | ||
| 650 | _aSpecial education | ||
| 650 |
_aChildren with disabilities _xEducation |
||
| 700 | _aReid, Gavin | ||
| 942 |
_cBK _2lcc _kFOR |
||
| 999 |
_c22148 _d22148 |
||